[Event "Hastings Weekend op-B"]
[Site "Hastings"]
[Date "2024.01.06"]
[Round "2"]
[White "Meadows, Pete"]
[Black "Lawrence Cade, Jack"]
[Result "0-1"]
[WhiteElo "1665"]
[BlackElo "1649"]
[PlyCount "114"]
[EventDate "2024.01.06"]
[EventType "swiss"]
[EventRounds "5"]
[EventCountry "ENG"]
[SourceTitle "CB02_2024"]
[SourceDate "2024.01.10"]
[SourceVersion "1"]
[SourceVersionDate "2024.01.10"]
[SourceQuality "1"]

1. e4 d5 2. exd5 Nf6 3. Bb5+ Nbd7 4. Nc3 a6 5. Ba4 b5 6. Bb3 Nc5 7. d3 g6 8. Nf3 Bb7 9. Be3 Nxb3 10. axb3 Nxd5 11. Bd4 Nf6 12. 0-0 Bg7 13. Re1 0-0 14. Bc5 Re8 15. d4 e6 16. b4 Nd5 17. Ne4 Nb6 18. Bxb6 cxb6 19. c3 Qd5 20. Qe2 h6 21. Ned2 e5 22. dxe5 Rxe5 23. Qf1 Ree8 24. Rxe8+ Rxe8 25. Re1 Re6 26. Rxe6 Qxe6 27. Qd3 Qd5 28. Qxd5 Bxd5 29. Kf1 Kf8 30. Ke2 Ke7 31. Nf1 a5 32. Ne3 Bb7 33. Nc2 Kd6 34. Nfe1 Bd5 35. g3 h5 36. Nd3 Bc4 37. h4 Kc6 38. f4 Kd6 39. Ke3 Kd5 40. Nf2 Bb3 41. Kd2 Bxc2 42. Kxc2 axb4 43. cxb4 Kd4 44. Kd2 Bf8 45. Nd3 Bd6 46. b3 Ke4 47. Ke2 f6 48. Nf2+ Kd4 49. Nd3 Kc3 50. Ke3 Kxb3 51. Kd4 Bxb4 52. Kd5 Bc5 53. Ke6 Bd4 54. Kf7 Kc4 55. Nb2+ Bxb2 56. Kxg6 b4 57. Kxh5 b3 0-1